000 00557nam a2200169 i 4500
001 bg
100 1 _aGrono, Andrzej J.
245 0 _aLaboratorium urzadzeń i elementów automatyki. Skrypt przeznaczony jest dla studentów Wydz. Elektr. /
_cAndrzej Grono, Leszek Morawski ; pod red. Andrzeja Grono.
260 _aGdańsk :
_bPolit. Gdańska,
_c1980.
300 _as. 195 :
_brys., tab.
700 1 _aMorawski, Leszek.
040 _cBPK
041 _apol
080 _a621.3:681.5(075.8)(076)
942 _cKS
008 s pl f |000 0 pol
999 _c19619
_d19619
856 _uhttp://koha.tu.koszalin.pl/cgi-bin/koha/opac-detail.pl?biblionumber=19619
_yKatalog online BPK